00602cam a2200193 a 450000100100000000500170001000800410002702000150006804000250008308200200010810000300012824500330015826001070019130000200029849000220031865000220034065000240036283000220038600000485720200929151523.0970618s1996 mx 000 0 spa  a9682987695 aDO-SdBNPbspacBNPHU aMx861.44bA657t1 aAquino, Alfonso D'd1959-10aTanagra /cAlfonso D'Aquino. aMéxico :bConsejo Nacional para la Cultura y las Artes, Dirección General de Publicaciones,c1996. a81 p. ;c21 cm.1 aPráctica Mortal 4aPoesía mexicana 4aLiteratura mexicana 0aPráctica Mortal